Movies Quiz

Random Movies or Nominee Quiz
Score 0/50 Timer 07:00
2 Plays Today
% Correct
Raiders of the Lost Ark
90.9%
Ray
90.5%
Gandhi
87.6%
Apollo 13
87.2%
Capote
85.1%
Jaws
84.8%
12 Years a Slave
84.6%
12 Angry Men
83.5%
127 Hours
83.3%
The King's Speech
83.3%
Saving Private Ryan
80.8%
American Beauty
80.4%
Dances with Wolves
80.4%
The King and I
79.5%
American Sniper
79.2%
Lord of the Rings: The Return of the King
79.2%
Gangs of New York
78.8%
American Hustle
78.6%
An American In Paris
78.4%
E.T the Extra-Terrestrial
76.7%
Lincoln
76%
The Color Purple
75.6%
Butch Cassidy and the Sundance Kid
75.4%
The Prince of Tides
74.7%
The Green Mile
74.6%
% Correct
American Graffiti
73.9%
The Deer Hunter
73.5%
A Clockwork Orange
72.7%
Chicago
72.4%
Patton
71.4%
The Imitation Game
70.8%
On Golden Pond
70.6%
Dog Day Afternoon
70.3%
Unforgiven
69.7%
The Thin Red Line
68.7%
The Elephant Man
68.5%
L.A. Confidential
68.2%
Amadeus
67.3%
District 9
66.3%
The Philadelphia Story
64.9%
Raging Bull
64.8%
Life Is Beautiful
64.7%
High Noon
64.2%
The Queen
62.8%
The Guns of Navarone
58.8%
Nashville
51.7%
Stagecoach
50.7%
Selma
49.6%
Munich
46.8%
Kiss of the Spider Woman
46.4%

You're not logged in!

Compare scores with friends on all Sporcle quizzes.
OR
Log In

Sporcle TV

Today on Sporcle TV


Watch our educational content, quiz creation guides, and fun videos on Sporcle TV.

Show Comments

Extras

Top Quizzes Today


Score Distribution

Paid Content

Your Account Isn't Verified!

In order to create a playlist on Sporcle, you need to verify the email address you used during registration. Go to your Sporcle Settings to finish the process.

Report this User

Report this user for behavior that violates our Community Guidelines.

Details: